00298nam a2200097Ia 4500082001900000245008300019100003100102942000700133008004100140999001900181 a746.43241 BREI 0aBrei vir die gesin : met meer as 3 inspirerende ontwerpe en volledige patrone  a Booysens, Hettie 990186 cBK210825s9999 xx 000 0 und d c488713d488712